000 00752nam a22002297a 4500
005 20170124110036.0
010 _aA-790985
020 _c00.00
_a8121506514
035 _aA-790985
037 _bCen Lib/Ret
040 _adpl
_bEN
082 _a954.013
_bHAZ
100 _aHazra, Kanai Lal
_912303
245 _aThe rise and decline of buddhism in India /
_cby Kanai Lal Hazra
260 _bMunshiram Manoharlal Publishers Pvt. Ltd.
_aNew Delhi
_c1995
270 _aPost Box 5715, 54 Rani Jhanshi Road
_bNew Delhi
_e110055
300 _axii,449p.
_c20cm(Hb)
500 _aIncludes bibliographical references and index
650 _aBuddhism.
_91068
650 _aHistory of Buddhism.
_922643
942 _2ddc
_cEN
_h954.013
_mHAZ
999 _c128184
_d128184